Unidades didácticas para secundaria IV: jugar, jugar, jugar

Guardat en:
Dades bibliogràfiques
Autor principal: Baroja Benlliure, Víctor (Autor)
Format: Llibre
Idioma:espanyol
Publicat: Barcelona INDE 1999
Edició:2a. ed
Matèries:
Etiquetes: Afegir etiqueta
Sense etiquetes, Sigues el primer a etiquetar aquest registre!

MARC

LEADER 00000nam a2200000 a 4500
001 UCH5524
003 CL-VaPUC
008 091014e19990000SP |||||||||||||||||spa|d
020 |a 8487330568 
082 0 4 |a 372.86  |b BAR  |2 21 
100 0 |a Baroja Benlliure, Víctor  |e author  |9 541820 
245 1 0 |a Unidades didácticas para secundaria IV: jugar, jugar, jugar 
250 |a 2a. ed 
300 |a 164 p 
942 |c BK 
945 |d 20091014 00:00:00  |a ccalabra 
260 |a Barcelona  |b INDE  |c 1999 
650 0 |a Educación física  |9 240893 
650 0 |a Actividades recreativas   |9 807627 
650 0 |a Actividad física  |9 362156 
650 0 |a Planificación del currículo  |9 269599 
583 |a last modification  |c 20160928 10:50:44  |k Rodrigo Vera 
999 |c 336653  |d 336651